00445nam a22001697a 450000500170000000800410001702000150005803500130007303700130008604000130009908200110011210000150012324500490013826000580018730000270024565000030027220180615130259.0180615b xxu||||| |||| 00| 0 eng d a8170421284 aA-946129 bBPPD/PUB aDPLbEng a618.92 aGupta .D.B aRecent Trends in Pediatrics cby B.D. Gupta  aNew Delhi bB.I. Churchill Livingstone Pvt Ltd c1998 axv, 437p. c18cm, (HB)